000
00288nam a2200121Ia 4500
005
20251222154402.0
008
251222s9999||||xx |||||||||||||| ||spa||
082
_a
154.6/F83
100
_a
"Freud, Sigmund"
245
0
_a
La interpretacion de los sueƱos
250
_a
5a.ed.
942
_c
LIB
999
_c
35337
_d
35337